[Event "Landesliga N9596 Bayern"]
[Site "Germany"]
[Date "1996.??.??"]
[Round "?"]
[White "Bildt, Thomas"]
[Black "Tiller, Jaroslav"]
[Result "0-1"]
[WhiteElo "2045"]
[BlackElo "2125"]

1.e4 c5 2.Nf3 d6 3.d4 cxd4 4.Nxd4 Nf6 5.Nc3 a6 6.Be3 e5 7.Nb3 Be6 8.Be2 Be7
9.O-O O-O 10.f3 d5 11.exd5 Nxd5 12.Nxd5 Bxd5 13.c4 Be6 14.Rc1 Nd7 15.Qc2 Rc8
16.Rfd1 Qc7 17.Rd2 h6 18.Qd1 Rfd8 19.a3 a5 20.Rc3 a4 21.Nc1 Nc5 22.b4 axb3
23.Nxb3 Na4 24.Rcc2 Rxd2 25.Qxd2 b5 26.c5 Bxb3 27.Rc1 Nxc5 28.Bxb5 Be6 29.a4 Qb7
30.Qe2 Nb3 31.Rb1 Qc7 32.Ba6 Qc2 33.Qe1 Rc3 34.Bf2 Bc5 35.Bxc5 Rxc5 36.a5 Qc3
37.Qd1 Qd4+ 38.Qxd4 exd4 39.Bd3 Rxa5 40.g4 g6 41.Kf2 Kg7 42.f4 Ra2+  0-1

[Event "BL2-S9596"]
[Site "Germany"]
[Date "1996.??.??"]
[Round "?"]
[White "Migl, Dieter"]
[Black "Zuse, Klaus Peter"]
[Result "1/2-1/2"]
[WhiteElo "2275"]
[BlackElo "2335"]

1.e4 c5 2.Nf3 d6 3.d4 cxd4 4.Nxd4 Nf6 5.Nc3 a6 6.Be3 e5 7.Nb3 Be6 8.Nd5 Nbd7
9.f3 Nxd5 10.exd5 Bf5 11.Bd3 e4 12.fxe4 Bxe4 13.O-O Bxd3 14.Qxd3 Be7 15.Nd4 O-O
16.Nf5 Ne5 17.Qb3 Qd7 18.Bd4 g6 19.Qg3 f6 20.Rae1 Kh8 21.Nxe7 Qxe7 22.c4 Rae8
23.b4 Qf7 24.Qb3 Qd7 25.c5 Qg4 26.Rd1 Nd7 27.Qf3 Qxf3 28.Rxf3 Re2 29.Re3 Rxe3
30.Bxe3 Rc8 31.Rc1 Kg8 32.a4 Ne5 33.Bd4 Nd3 34.Rd1 Nxb4 35.cxd6 Rd8 36.Bc5 a5
37.Rb1 b6 38.Bxb6 Rxd6 39.Bxa5 Nxd5 40.Rd1 Kf7 41.Bb4 Rd7 42.a5 Ke6 43.Bc5 Nc7
44.Rb1 Kd5 45.Bb6 Na6 46.Be3 Ke4 47.Re1 h5 48.Bd4+ Kd3 49.Bxf6 Kd2 50.Re6 Nc5
51.Bg5+ Kd3 52.Rxg6 Rd5 53.Rg8 Ne6 54.Bh6 Rxa5 55.Rg6 Nc5 56.Rg3+ Ke4 57.h3 Ne6
58.Kh2 Kf5 59.Rg8 Rb5 60.Kg3 Kf6 61.Kh4 Rd5 62.Rg3 Ra5 63.Bd2 Ra4+ 64.Kxh5 Ng7+
65.Rxg7  1/2-1/2

[Event "BL2-S9596"]
[Site "Germany"]
[Date "1996.??.??"]
[Round "?"]
[White "Pfrommer, Christoph"]
[Black "Wohlfahrt, Herbert J"]
[Result "1/2-1/2"]
[WhiteElo "2300"]
[BlackElo "2250"]

1.e4 c5 2.Nf3 d6 3.d4 cxd4 4.Nxd4 Nf6 5.Nc3 a6 6.Be3 e6 7.f3 Nbd7 8.g4 Nb6
9.g5 Nfd7 10.Qd2 Qc7 11.O-O-O Ne5 12.f4 Nec4 13.Bxc4 Nxc4 14.Qd3 Bd7 15.h4 Rc8
16.Kb1 b5 17.Bc1 b4 18.Nce2 e5 19.b3 exd4 20.Qxc4 Qxc4 21.bxc4 Rxc4 22.Rxd4 Rxd4
23.Nxd4 h6 24.Re1 hxg5 25.hxg5 Rh2 26.e5 dxe5 27.Rxe5+ Kd8 28.Ra5 Bc8 29.Be3 Rh3
30.Bd2 Kc7 31.Ra4 Kb7 32.Bxb4 Bd7 33.Bxf8 Bxa4 34.Bxg7 Kb6 35.Kb2 Kc5 36.Nb3+ Kd5
37.Be5 Bd7 38.Nd4 Re3 39.c3 Kc4 40.Nb3 Re2+ 41.Ka3 Rg2 42.Na5+ Kb5 43.Nb3 Bh3
44.Bf6 Rf2 45.Be5 Bg4 46.Nd4+ Kc4 47.Nb3 Bh5 48.Na5+ Kb5 49.Nb7 Bg6 50.Nd6+ Kc6
51.Kb3 Kd5 52.a3 Ke6 53.Nb7 Kd5 54.Nd6 Rf1 55.Kb4 Kc6 56.c4 Rd1 57.Nc8 Rb1+
58.Kc3 Rc1+ 59.Kb4 Rb1+ 60.Kc3 Rc1+ 61.Kb4  1/2-1/2

[Event "BL2-W9596"]
[Site "Germany"]
[Date "1996.??.??"]
[Round "?"]
[White "Zunker, Reinhard"]
[Black "Gallinnis, Norbert"]
[Result "0-1"]
[WhiteElo "2195"]
[BlackElo "2325"]

1.e4 c5 2.Nf3 d6 3.d4 cxd4 4.Nxd4 Nf6 5.Nc3 a6 6.Be3 e6 7.Qd2 b5 8.f3 Be7
9.g4 Bb7 10.a3 Nc6 11.h4 Nd7 12.g5 Rc8 13.Rg1 Nde5 14.Qf2 b4 15.Nxc6 Nxc6
16.axb4 Nxb4 17.Bd4 O-O 18.h5 d5 19.Bd3 dxe4 20.Nxe4 e5 21.Bc5 Qxd3 22.cxd3 Nxd3+
23.Kf1 Nxf2 24.Bxe7 Nxe4 25.fxe4 Rfe8 26.Bb4 Rc2 27.Rg2 Rc4 28.Bc3 Rxe4 29.h6 Rf4+
30.Rf2 Rh4 31.Ra5 gxh6 32.Rf5 hxg5 33.Rxg5+ Kf8 34.Bxe5 Re6 35.Bg7+ Ke7 36.Rac5 Bc6
37.Rh5 Rf4+  0-1

[Event "BL9596 (Women)"]
[Site "Germany"]
[Date "1996.??.??"]
[Round "?"]
[White "Buervenich, Silvia"]
[Black "Burchardt, Brigitte"]
[Result "0-1"]
[WhiteElo "2170"]
[BlackElo "2270"]

1.e4 c5 2.Nf3 d6 3.d4 cxd4 4.Nxd4 Nf6 5.Nc3 a6 6.Be3 e5 7.Nf3 Qc7 8.Bg5 Nbd7
9.a4 h6 10.Bh4 Qa5 11.Bd3 d5 12.O-O d4 13.Ne2 Bb4 14.Qc1 b6 15.c3 dxc3 16.bxc3 Be7
17.Nd2 Qc5 18.Nc4 Bb7 19.Qb1 Rc8 20.Bxf6 Bxf6 21.Ne3 O-O 22.Rd1 Bg5 23.Nd5 f5
24.Ng3 Bh4 25.Ne3 Bxg3 26.hxg3 f4 27.gxf4 exf4 28.Bc4+ Kh8 29.Ng4 Qxc4 30.Rxd7 Bxe4
31.Qxb6 Bf5 32.Rxg7 Rc6 33.Qa7 Qxc3 34.Rc1 Qxc1+ 35.Kh2 Qc3 36.Rf7 Rxf7 37.Qxf7 Bxg4
38.Qe8+ Kh7 39.Qe4+ Rg6  0-1

[Event "Oberliga Nord O9596"]
[Site "Germany"]
[Date "1996.??.??"]
[Round "?"]
[White "Lang, Jens"]
[Black "Sarbok, Torsten"]
[Result "1/2-1/2"]
[WhiteElo "2330"]
[BlackElo "2215"]

1.e4 c5 2.Nf3 d6 3.d4 cxd4 4.Nxd4 Nf6 5.Nc3 a6 6.Be3 b5 7.a4 b4 8.Nd5 Bb7
9.Nxf6+ gxf6 10.Bc4 Qc8 11.Bd5 Bxd5 12.exd5 Qc4 13.Qd2 Qxd5 14.Qxb4 Nd7 15.O-O Rc8
16.c4 Qa8 17.a5 Rg8 18.f3 e6 19.Qa4 Be7 20.Rac1 Rg6 21.b4 f5 22.Kh1 Rc7 23.Rfd1 Kf8
24.b5 Nc5 25.Qa2 Kg7 26.Nc6 Rxc6 27.bxc6 Qxc6 28.Qb2+ e5 29.Qb6 Qa4 30.Bxc5 dxc5
31.Qc7 Qa2 32.Rg1 Bf6 33.Qxc5 h5 34.Ra1 Qc2 35.Rac1 Qa2 36.Qb4 Bg5 37.Ra1 Qc2
38.Qb1 Qxc4 39.Qxf5 Qc3 40.Rae1 Be3 41.Rxe3 Qxe3 42.Qxh5 Qc3 43.Qf5 Rf6 44.Qg5+ Rg6
45.Qd8 Qb2 46.Qd5 Qe2 47.h3 Qb2 48.Qe4 Kg8 49.f4 exf4 50.Rb1 Qf2 51.Qf3 Qd2
52.Rf1 Qxa5 53.Qxf4 Qd5 54.Rf3 Kg7 55.h4 a5 56.Rg3 Qc5 57.Rf3 Qd5 58.Rg3 Rxg3
59.Qxg3+ Kh7 60.Qf4 Kg6 61.Qg4+  1/2-1/2

[Event "BL2-N9596"]
[Site "Germany"]
[Date "1996.??.??"]
[Round "?"]
[White "Rudolf, Henrik"]
[Black "Kimpinsky, Frank"]
[Result "0-1"]
[WhiteElo "2235"]
[BlackElo "2280"]

1.e4 c5 2.Nf3 d6 3.d4 cxd4 4.Nxd4 Nf6 5.Nc3 a6 6.Be3 e5 7.Nf3 Be7 8.Bc4 O-O
9.O-O Nbd7 10.Bb3 Qc7 11.Qe2 b5 12.Bg5 Bb7 13.Rfd1 b4 14.Bxf6 Nxf6 15.Nd5 Bxd5
16.Bxd5 Nxd5 17.Rxd5 f5 18.a3 fxe4 19.Qxe4 Rf4 20.Rc5 Qxc5 21.Qxa8+ Rf8 22.Qe4 Rc8
23.axb4 Qxc2 24.Qd5+ Kf8 25.h3 Qxb2 26.Rxa6 Qb1+ 27.Kh2 Qxb4 28.Ra1 Qc4 29.Qb7 Rc7
30.Qa8+ Kf7 31.g3 e4 32.Ng1 Bf6 33.Rd1 Be5 34.Qa3 Qc2 35.Rf1 Qc4 36.Kg2 Qc5
37.Qa4 Qc4 38.Qd1 Qe6 39.Ne2 d5 40.Qb1 Qf6 41.Rd1 Qf3+ 42.Kf1 e3  0-1

[Event "BL9697 (Women)"]
[Site "Germany"]
[Date "1996.??.??"]
[Round "?"]
[White "Buervenich, Silvia"]
[Black "Richtrova, Eliska"]
[Result "0-1"]
[WhiteElo "2170"]
[BlackElo "2315"]

1.e4 c5 2.Nf3 d6 3.d4 cxd4 4.Nxd4 Nf6 5.Nc3 a6 6.Be3 e5 7.Nb3 Be7 8.f3 O-O
9.Qd2 Be6 10.O-O-O Nbd7 11.g4 Nb6 12.h4 a5 13.Kb1 a4 14.Nc1 Nc4 15.Bxc4 Bxc4
16.h5 d5 17.Nxd5 Nxd5 18.exd5 Qd6 19.f4 Rfd8 20.Rhe1 Bxd5 21.fxe5 Qe6 22.Qf2 Qxg4
23.Rg1 Qf3 24.Qe1 Be4 25.Rxd8+ Rxd8 26.h6 Bxc2+ 27.Ka1 Bg6 28.e6 a3 29.exf7+ Qxf7
30.Nb3 axb2+ 31.Kxb2 Bf6+ 32.Ka3 Qc4 33.Qa5 Be7+ 34.Bc5 b6 35.Qxb6 Ra8+ 36.Kb2 Qc2+  0-1

[Event "NRW-Liga I 9596"]
[Site "Germany"]
[Date "1996.??.??"]
[Round "?"]
[White "Dueball, Juergen"]
[Black "Goergens, Albert"]
[Result "1/2-1/2"]
[WhiteElo "2395"]
[BlackElo "2215"]

1.e4 c5 2.Nf3 d6 3.d4 cxd4 4.Nxd4 Nf6 5.Nc3 a6 6.Be3 e5 7.Nb3 Be6 8.Be2 Be7
9.f4 exf4 10.Bxf4 Nc6 11.Qd2 O-O 12.O-O Ne5 13.Nd4 Rc8 14.Kh1 Qb6 15.Rab1 Rfe8
16.Be3 Qc7 17.Nf5 Bxf5 18.Rxf5 Nc4 19.Bxc4 Qxc4 20.Bd4 Qe6 21.Qd3 g6 22.Rf3 Nd7
23.Rbf1 Rf8 24.Nd5 Ne5 25.Bxe5 Qxe5 26.Qb3 Rb8 27.h3 Bg5 28.Nb6 Qe6 29.Qa4 Rbd8
30.a3 Qe5 31.Qc4 Qe7 32.Qd5 Bh6 33.Qd3 Bg7  1/2-1/2

[Event "Goch op"]
[Site "Goch"]
[Date "1996.??.??"]
[Round "5"]
[White "Frericks, Harald"]
[Black "Mohaupt, Sascha"]
[Result "1/2-1/2"]
[WhiteElo "2050"]
[BlackElo "2215"]

1.e4 c5 2.Nf3 d6 3.d4 cxd4 4.Nxd4 Nf6 5.Nc3 a6 6.Be3 e6 7.a4 b6 8.f3 Bb7
9.Qd2 Be7 10.Be2 Qc7 11.O-O O-O 12.Rfd1 Nbd7 13.Bf1 Rac8 14.Qf2 Ne5 15.Nb3 Nfd7
16.Rd2 Rb8 17.Rad1 Rfc8 18.Kh1 Bf8 19.Be2 Be7 20.Bf1 Bf8  1/2-1/2

[Event "Gran Canaria op"]
[Site "Gran Canaria"]
[Date "1996.??.??"]
[Round "?"]
[White "Menvielle Lacourrelle, Augusto"]
[Black "Danailov, Silvio"]
[Result "0-1"]
[WhiteElo "2285"]
[BlackElo "2455"]

1.e4 c5 2.Nf3 d6 3.d4 cxd4 4.Nxd4 Nf6 5.Nc3 a6 6.Be3 e6 7.f4 b5 8.Qf3 Bb7
9.Bd3 Nbd7 10.g4 b4 11.Nce2 Nc5 12.Ng3 Qc7 13.g5 Nfd7 14.O-O Be7 15.a3 bxa3
16.Rxa3 O-O 17.Qh5 g6 18.Qe2 Rfe8 19.Raa1 Bf8 20.b4 Nxd3 21.cxd3 Rac8 22.Rac1 Qb8
23.Rxc8 Rxc8 24.Rb1 e5 25.Nf3 d5 26.f5 Bc6 27.fxg6 hxg6 28.Qb2 Bd6 29.exd5 Bxd5
30.Nd2 Qb5 31.Qa3 Rc2 32.Nge4 Bf8 33.Nf2 Qc6 34.Qa5 Be7 35.Ra1 Rc1+ 36.Rxc1 Qxc1+
37.Nf1 Qc6 38.Bd2 Bf3 39.Qa2 Bd5 40.Qb2 Bd8 41.Qc3 Qxc3 42.Bxc3 Bxg5 43.Ng4 Be7
44.Nfe3 Bc6 45.Nxe5 Nxe5 46.Bxe5 Bxb4 47.d4 f5 48.Kf2 Kf7 49.Ke2 Ke6 50.h4 Bb5+
51.Kf3 a5 52.Kf4 Bd2 53.d5+ Kd7 54.Bd4 Bd3 55.Ke5 a4 56.Ng2 a3 57.Ne3 a2
58.Ng2 Bh6 59.Kf6 f4  0-1

[Event "Graz op"]
[Site "Graz"]
[Date "1996.??.??"]
[Round "?"]
[White "Mihevc, Narcisa"]
[Black "Balinov, Ilija"]
[Result "0-1"]
[WhiteElo "2250"]
[BlackElo "2360"]

1.e4 c5 2.Nf3 d6 3.d4 Nf6 4.Nc3 cxd4 5.Nxd4 a6 6.Be3 e5 7.Nb3 Be6 8.f3 Nbd7
9.Qd2 Rc8 10.g4 Nb6 11.g5 Nfd7 12.O-O-O Qc7 13.Kb1 Be7 14.h4 O-O 15.h5 Nc5
16.Qg2 Nca4 17.Nxa4 Nxa4 18.Bd3 f5 19.gxf6 Bxf6 20.Rdg1 Nc5 21.Qd2 Nxd3 22.Qxd3 Rf7
23.Rh2 b5 24.Rhg2 Kh8 25.h6 g6 26.Rf2 Bh4 27.Rh2 Be7 28.Rf2 Bh4 29.Rh2 Be7
30.Rf2 Bc4 31.Qd2 Rcf8 32.f4 Bh4 33.Rfg2 exf4 34.Bd4+ Kg8 35.Bg7 f3 36.Bxf8 Kxf8
37.Rf2 Bxf2 38.Qxf2 Bxb3 39.axb3 Qc5 40.Qg3 f2 41.Rf1 Qe5 42.Qe3 Qf4 43.Qb6 Kg8
44.Qd8+ Rf8 45.Qd7 Qxh6 46.Qxd6 Qf4 47.Qd5+ Qf7 48.Qc5 Qf3 49.Qd5+ Rf7 50.Qd8+ Kg7
51.Qd4+ Kh6 52.e5 Qf4 53.Qc3 b4 54.Qh3+ Kg7 55.Qe6 Qe4 56.Qc4 Qxc4 57.bxc4 g5
58.e6 Rf5 59.Kc1 g4  0-1

[Event "Greenhills op"]
[Site "Greenhills"]
[Date "1996.??.??"]
[Round "9"]
[White "Fuentes, Mardonio"]
[Black "Nolte, Rolando"]
[Result "0-1"]
[WhiteElo "2350"]
[BlackElo "2355"]

1.e4 c5 2.Nf3 d6 3.d4 cxd4 4.Nxd4 Nf6 5.Nc3 a6 6.Be3 e6 7.Be2 Qc7 8.f4 Be7
9.Qd2 b5 10.a3 Bb7 11.Bf3 Nbd7 12.Nb3 O-O 13.g4 d5 14.e5 Ne4 15.Bxe4 dxe4
16.O-O-O Rfd8 17.Qe1 Rac8 18.Na1 Nb6 19.Bd4 b4 20.axb4 Bxb4 21.Qg3 Nc4 22.Ne2 e3
23.Rhg1 Bd2+ 24.Kb1 Bd5 25.Rxd2 Nxd2+ 26.Kc1 Nb3+  0-1

[Event "SLO-ch"]
[Site "Grize"]
[Date "1996.??.??"]
[Round "?"]
[White "Furlan, Miha"]
[Black "Vombek, Dani"]
[Result "1/2-1/2"]
[WhiteElo "2320"]
[BlackElo "2300"]

1.e4 c5 2.Nf3 d6 3.d4 cxd4 4.Nxd4 Nf6 5.Nc3 a6 6.Be3 e5 7.Nf3 Qc7 8.a4 Be7
9.a5 h6 10.Be2 O-O 11.O-O Be6 12.Nd5 Bxd5 13.exd5 Nbd7 14.h3 Ne4 15.Nd2 Nxd2
16.Qxd2 f5 17.f3 Bg5 18.Bxg5 hxg5 19.c4 Qd8 20.b4 Rc8 21.Rac1 Qf6 22.Bd1 Qh6
23.Ba4 Nf6 24.c5 e4 25.fxe4 Nxe4 26.Qe3 Rc7 27.c6 Rff7 28.Bc2 Qh4 29.Bxe4 Qxe4
30.Qxe4 fxe4 31.cxb7 Rxb7 32.Rc8+ Kh7 33.Rxf7 Rxf7 34.Re8 Rf5 35.Rxe4 Rxd5
36.Kf2 Kg6 37.Ke3 Kf6 38.Rc4 Ke6 39.Rc7 Rb5 40.Rxg7 Kf6 41.Ra7 Rxb4 42.Rxa6 Ke5
43.Ra8 Rb3+ 44.Kf2 Kf4 45.Rf8+ Ke4 46.a6 Ra3 47.Ra8 Kf4 48.g3+ Ke4 49.a7 Ra2+
50.Ke1 Kd3 51.Kf1 d5 52.Rd8 Rxa7 53.Rxd5+ Ke3 54.g4 Kf3  1/2-1/2

[Event "Koop Tjuchem op"]
[Site "Groningen"]
[Date "1996.??.??"]
[Round "1"]
[White "Vehi Bach, Victor Manuel"]
[Black "Astengo, Corrado"]
[Result "1-0"]
[WhiteElo "2365"]
[BlackElo "2135"]

1.e4 c5 2.Nf3 d6 3.d4 Nf6 4.Nc3 cxd4 5.Nxd4 a6 6.Be3 e5 7.Nb3 Be6 8.f4 Qc7
9.f5 Bc4 10.Qf3 h5 11.Bxc4 Qxc4 12.O-O-O Nbd7 13.g3 b5 14.Kb1 b4 15.Nd2 Qc6
16.Nd5 Rc8 17.Nxb4 Qa4 18.c3 a5 19.Nd5 Nxd5 20.exd5 Nf6 21.Bg5 Nd7 22.Rhe1 Nc5
23.Ne4 Nxe4 24.Rxe4 Qb5 25.Qe2 Qxe2 26.Rxe2 Be7 27.Bd2 Rc5 28.Be3 Rc4 29.h3 Kd7
30.Kc2 Rhc8 31.Rd3 a4 32.Bc1 Bf6 33.b3 axb3+ 34.axb3 R4c7 35.Re4 Ra8 36.b4 Rac8
37.Kb3 Rb8 38.Be3 Ra8 39.Rd1 Rcc8  1-0

[Event "Koop Tjuchem"]
[Site "Groningen"]
[Date "1996.??.??"]
[Round "1"]
[White "Shirov, Alexei"]
[Black "Van Wely, Loek"]
[Result "0-1"]
[WhiteElo "2685"]
[BlackElo "2605"]

1.e4 c5 2.Nf3 d6 3.d4 cxd4 4.Nxd4 Nf6 5.Nc3 a6 6.Be3 e6 7.g4 h6 8.f4 b5 9.Bg2 Bb7
10.a3 Nbd7 11.O-O g6 12.Qe2 e5 13.Nb3 exf4 14.Bxf4 Ne5 15.Rad1 Nfxg4 16.Nd5 Bxd5
17.exd5 g5 18.Bg3 h5 19.Nd4 Bg7 20.h3 h4 21.Be1 Nh6 22.Qh5 Nhg4 23.hxg4 Rxh5
24.gxh5 Ng4 25.Nc6 Qb6+ 26.Kh1 Kf8 27.Rd3 Re8 28.Rdf3 Kg8 29.Ba5 Qc5 30.Rxf7 Ne3
31.h6 Bxh6 32.Re7 Rf8 33.Rxf8+ Bxf8 34.Bb4 Qb6 35.Re6 Nxg2 36.Kxg2 Kh7 37.Re4 Qb7
38.Rg4 Qf7 39.Nd4 Qxd5+ 40.Nf3 Be7  0-1

[Event "Hallsberg op"]
[Site "Hallsberg"]
[Date "1996.??.??"]
[Round "7"]
[White "Moor, Roger"]
[Black "Tisdall, Jonathan D"]
[Result "0-1"]
[WhiteElo "2195"]
[BlackElo "2510"]

1.e4 c5 2.Nf3 d6 3.d4 cxd4 4.Nxd4 Nf6 5.Nc3 a6 6.Be3 e6 7.Be2 Be7 8.a4 O-O
9.O-O Qc7 10.f4 b6 11.Bf3 Bb7 12.f5 e5 13.Nde2 Nbd7 14.g4 h6 15.Ng3 Rfe8
16.Rf2 Rad8 17.Rg2 d5 18.exd5 Bc5 19.Qd2 e4 20.Ngxe4 Nxe4 21.Nxe4 Ne5 22.Qf2 Nxf3+
23.Qxf3 Bxe3+ 24.Qxe3 Bxd5  0-1

[Event "Hamburg HSK"]
[Site "Hamburg"]
[Date "1996.??.??"]
[Round "6"]
[White "Socko, Bartosz"]
[Black "Heinemann, Thies"]
[Result "1-0"]
[WhiteElo "2445"]
[BlackElo "2420"]

1.e4 c5 2.Nf3 d6 3.d4 cxd4 4.Nxd4 Nf6 5.Nc3 a6 6.Be3 e5 7.Nb3 Be6 8.f3 Nbd7
9.g4 h6 10.Qd2 Be7 11.h4 Rc8 12.Rg1 Nb6 13.g5 Nh5 14.O-O-O hxg5 15.hxg5 g6
16.Qf2 Nc4 17.Bxc4 Rxc4 18.Nd5 Bxd5 19.Rxd5 b5 20.Qd2 Qb8 21.Rh1 Rg8 22.Kb1 Kf8
23.Nc1 Qc8 24.b3 Rc7 25.Ne2 Kg7 26.f4 Qg4 27.f5 Qxe4 28.f6+ Bxf6 29.gxf6+ Nxf6
30.Ng3 Rh8 31.Bh6+ Kg8 32.Nxe4 Nxe4 33.Qg2  1-0

[Event "ROM-ch"]
[Site "Herculane"]
[Date "1996.??.??"]
[Round "6"]
[White "Florean, Andrei"]
[Black "Ardeleanu, Alin"]
[Result "1-0"]
[WhiteElo "2375"]
[BlackElo "2420"]

1.e4 c5 2.Nf3 d6 3.d4 cxd4 4.Nxd4 Nf6 5.Nc3 a6 6.Be3 Ng4 7.Bg5 h6 8.Bh4 g5
9.Bg3 Bg7 10.Be2 h5 11.Nf5 Bxf5 12.exf5 h4 13.Bxg4 hxg3 14.fxg3 Qa5 15.O-O Qb6+
16.Kh1 Qxb2 17.f6 Qxc3 18.fxg7 Qxg7 19.Rb1 Nc6 20.Rxb7 Ne5 21.Bf5 Rd8 22.h3 Rh6
23.c3 d5 24.Qd4 Rhd6 25.Re1 f6 26.Rc7 Kf8 27.Rb1 Qf7 28.Rbb7 Qe8 29.Kh2 Nc6
30.Qg4 Ne5 31.Qd4 Nc6 32.Qc5 Ne5 33.g4 Nd7 34.Qa7 Ra8 35.Qd4 Ne5 36.h4 Nc6
37.Qe3 Rad8 38.hxg5  1-0

[Event "ROM-ch"]
[Site "Herculane"]
[Date "1996.??.??"]
[Round "15"]
[White "Florean, Andrei"]
[Black "Istratescu, Andrei"]
[Result "0-1"]
[WhiteElo "2375"]
[BlackElo "2535"]

1.e4 c5 2.Nf3 d6 3.d4 cxd4 4.Nxd4 Nf6 5.Nc3 a6 6.Be3 Ng4 7.Bg5 h6 8.Bh4 g5
9.Bg3 Bg7 10.Nf5 Bxf5 11.exf5 Qa5 12.Qd3 Nd7 13.Be2 Nc5 14.Qd2 Bxc3 15.Qxc3 Qxc3+
16.bxc3 Nf6 17.f3 Rc8 18.Rb1 Nd5 19.Kd2 Rc7 20.Bf2 O-O 21.c4 Nf6 22.h4 g4
23.Bxc5 dxc5 24.fxg4 Rd8+ 25.Ke1 Rd4 26.Rd1 Rcd7 27.Rd3 R7d6 28.g5 hxg5 29.hxg5 Ne4
30.Re3 Rb6 31.Rb3 Rxb3 32.axb3 Ng3 33.Rh3 Nxf5 34.Bd3 Nh4 35.Kf2 Kg7 36.c3 Rd7
37.Be4 Ng6 38.Rd3 Rxd3 39.Bxd3 b6 40.Ke3 e6 41.Be4 a5 42.Kf3 Kf8 43.Kg4 Ne7
44.Kf4 Nc8 45.Bh7 Nd6 46.Bd3 Ke7 47.Ke5 Nc8 48.Be4 Na7 49.Bd3 Nc6+ 50.Kf4 Nb8
51.g4 Nd7 52.g6 f6 53.Be4 Kf8 54.Bc6 Ne5 55.Be4 Kg7 56.g5 Nxg6+  0-1

[Event "NLD-chT9697"]
[Site "Holland"]
[Date "1996.??.??"]
[Round "?"]
[White "Wiersma, Eelke"]
[Black "Bezemer, Arno"]
[Result "1-0"]
[WhiteElo "2285"]
[BlackElo "2235"]

1.e4 c5 2.Nf3 d6 3.d4 cxd4 4.Nxd4 Nf6 5.Nc3 a6 6.Be3 Ng4 7.Bg5 h6 8.Bh4 g5
9.Bg3 Bg7 10.Qd2 Nc6 11.Nb3 Be6 12.h4 gxh4 13.Bxh4 Rc8 14.O-O-O Nge5 15.f4 Nc4
16.Bxc4 Bxc4 17.Bf2 Rg8 18.Nd5 Bxb3 19.axb3 b5 20.Kb1 Rb8 21.e5 dxe5 22.Qd3 Qd6
23.Qh7 Kf8 24.Nb6 Nd4 25.fxe5 Qxb6 26.Rxd4 Qe6 27.Rhd1 Re8 28.Rd8 f5 29.exf6 Bxf6
30.Be3 Qf7 31.Bxh6+ Bg7 32.R1d3  1-0

[Event "HUN-chT2 9596"]
[Site "HUN"]
[Date "1996.??.??"]
[Round "9"]
[White "Nagy, Zoltan"]
[Black "Hradeczky, Tamas"]
[Result "1-0"]
[WhiteElo "2250"]
[BlackElo "2245"]

1.e4 c5 2.Nf3 d6 3.d4 Nf6 4.Nc3 cxd4 5.Nxd4 a6 6.Be3 e5 7.Nb3 Be6 8.Qd2 Nbd7
9.f3 Be7 10.g4 h6 11.O-O-O b5 12.h4 Qc7 13.Kb1 b4 14.Nd5 Bxd5 15.exd5 Nb6
16.Qxb4 Nbxd5 17.Rxd5 Nxd5 18.Qe4 Nxe3 19.Qxa8+ Kd7 20.Qe4 Nxf1 21.Rxf1 Bxh4
22.Rd1 Rc8 23.c3 Ke7 24.Nd4 g6 25.f4 Bf6 26.fxe5 dxe5 27.Nf3 Kf8 28.Rd5 Kg7
29.Nd2 Qb6 30.Kc2 Rb8 31.b3 Rc8 32.Nc4 Qf2+ 33.Rd2 Qf4 34.Re2 Qxe4+ 35.Rxe4 Rd8
36.b4 Rd5 37.a4 g5 38.Ne3 Rd8 39.c4 Kg6 40.c5 Rc8 41.Kb3 a5 42.Nd5 Bd8 43.Rxe5 h5
44.gxh5+ Kxh5 45.b5 Rxc5 46.Nf6+ Bxf6 47.Rxc5 Bd4 48.Rf5 Kg6 49.Rd5 Bg1 50.b6 Bxb6
51.Rd6+ Kf5 52.Rxb6 g4 53.Rb5+ Kf4 54.Rxa5 g3 55.Ra8  1-0

[Event "HUN-chT1 9596"]
[Site "HUN"]
[Date "1996.??.??"]
[Round "12"]
[White "Horvath, Adam"]
[Black "Kozma, Edit"]
[Result "1-0"]
[WhiteElo "2195"]
[BlackElo "2120"]

1.e4 c5 2.Nf3 d6 3.d4 Nf6 4.Nc3 cxd4 5.Nxd4 a6 6.Be3 e5 7.Nb3 Be7 8.f3 O-O
9.Qd2 Be6 10.O-O-O b5 11.g4 Nbd7 12.g5 Nh5 13.Nd5 Bxd5 14.exd5 a5 15.Bxb5 a4
16.Na1 Nc5 17.Rhg1 Qb6 18.c4 Rfc8 19.Kb1 g6 20.Nc2 Ng7 21.Nb4 Nf5 22.Bf2 Bf8
23.h4 a3 24.b3 Bg7 25.Nc6 Qb7 26.Qc2 Ne7 27.Bxc5 dxc5 28.Nxe7+ Qxe7 29.d6 Qb7
30.Qe4 Qa7 31.Rd3 Rab8 32.d7 Rd8 33.Rgd1 Qa5 34.Qc6 e4 35.fxe4 Bd4 36.e5 Rb6
37.Qd5 Re6 38.Rf1 Qb6 39.Rdf3 Bxe5 40.Rxf7 Qd6  1-0

[Event "Karditsa"]
[Site "Karditsa"]
[Date "1996.??.??"]
[Round "1"]
[White "Agnos, Demetrios"]
[Black "Vouldis, Angelos"]
[Result "1/2-1/2"]
[WhiteElo "2460"]
[BlackElo "2425"]

1.e4 c5 2.Nf3 d6 3.d4 cxd4 4.Nxd4 Nf6 5.Nc3 a6 6.Be3 e6 7.f3 b5 8.Qd2 Bb7
9.g4 h6 10.h4 Nbd7 11.O-O-O b4 12.Nce2 d5 13.Ng3 dxe4 14.g5 hxg5 15.hxg5 Rxh1
16.Nxh1 Nd5 17.g6 Qa5 18.gxf7+ Kxf7 19.fxe4 Qxa2 20.Nb3 N7f6 21.exd5 Bxd5
22.Qh2 Rc8 23.Rxd5 exd5 24.Kd1 Qxb2 25.Bxa6 Re8 26.Bd2 Re6 27.Bd3 Bd6 28.Qh3 Qe5
29.Nf2 Qh5+ 30.Qxh5+ Nxh5 31.Nd4 Re8 32.Bb5 Rb8 33.Nd3 Nf6 34.Nxb4 Ne4 35.Be1 Nf6
36.Nbc6 Rh8 37.Nf3 Rh1 38.Bd3 Bg3 39.Ke2 Bxe1 40.Nxe1 g5 41.Nf3 g4 42.Ng5+ Ke8
43.Kf2 Kd7  1/2-1/2

[Event "JUG-ch sf"]
[Site "Kladovo"]
[Date "1996.??.??"]
[Round "?"]
[White "Perunovic, Milos"]
[Black "Matovic, Radomir"]
[Result "1/2-1/2"]
[WhiteElo "2105"]
[BlackElo "2180"]

1.e4 c5 2.Nf3 d6 3.d4 cxd4 4.Nxd4 Nf6 5.Nc3 a6 6.Be3 e6 7.g4 Nc6 8.g5 Nd7
9.h4 Qc7 10.Qd2 b5 11.a3 Bb7 12.h5 Nde5 13.O-O-O Na5 14.b3 d5 15.exd5 Bxa3+
16.Kb1 Bb4 17.Ndxb5 axb5 18.Nxb5 Bxd2 19.Nxc7+ Kd7 20.Nxa8 Bxe3 21.fxe3 Rxa8
22.dxe6+ Kxe6 23.Rh4 Bf3 24.Bh3+ Ke7 25.Rd2 Rb8 26.h6 g6 27.Kc1 f6 28.gxf6+ Kxf6
29.Rf4+ Kg5 30.Rd6 Bh1 31.Be6 Re8 32.Bd5 Nb7 33.Bxb7 Bxb7 34.b4 Kxh6 35.b5 Rc8
36.Rh4+ Kg7 37.Re6 Nf7 38.Re7 Bd5 39.Rd4 Kf6 40.Ra7 Be6 41.Rf4+ Bf5 42.e4 Rc4
43.e5+ Nxe5 44.Rxc4 Nxc4 45.Rxh7 g5 46.Rc7 Be6 47.Kd1 Ke5 48.Ke2 g4 49.Kf2 Kf4
50.Rg7 Bd5 51.Rg6 Nd2 52.Rf6+ Ke5 53.Rg6 Kf5 54.Rg7 Kf4 55.b6 g3+ 56.Ke2 Nf3
57.b7 Bxb7 58.Rxb7 g2 59.Rf7+ Ke4  1/2-1/2

[Event "Koszalin op"]
[Site "Koszalin"]
[Date "1996.??.??"]
[Round "2"]
[White "Pinski, Jan"]
[Black "Buturin, Vladimir"]
[Result "1-0"]
[WhiteElo "2320"]
[BlackElo "2445"]

1.e4 c5 2.Nf3 d6 3.d4 cxd4 4.Nxd4 Nf6 5.Nc3 a6 6.Be3 e5 7.Nb3 Be7 8.f3 O-O
9.Qd2 Be6 10.O-O-O Nbd7 11.g4 b5 12.g5 b4 13.Nd5 Nxd5 14.exd5 Bf5 15.Rg1 a5
16.Kb1 Qb8 17.Bd3 Bxd3 18.Qxd3 Bd8 19.Rg3 Bb6 20.Rh3 f5 21.gxf6 Nxf6 22.Bg5 Qc8
23.Rh4 Qd7 24.Nd2 Rf7 25.Bxf6 gxf6 26.Ne4 Kh8 27.Rh6 Raf8 28.Rf1 Qe7 29.a4 bxa3
30.Qxa3 Bc7 31.Qe3 Rg8 32.f4 Rgf8 33.Rh5 exf4 34.Qxf4 a4 35.Rf5 a3 36.b3 Bb8
37.Ng5 fxg5 38.Rxf7 gxf4 39.Rxe7 f3 40.Ka2  1-0

[Event "Koszalin op"]
[Site "Koszalin"]
[Date "1996.??.??"]
[Round "7"]
[White "Sulskis, Sarunas"]
[Black "Vaulin, Alexander"]
[Result "1/2-1/2"]
[WhiteElo "2505"]
[BlackElo "2480"]

1.e4 c5 2.Nf3 d6 3.d4 cxd4 4.Nxd4 Nf6 5.Nc3 a6 6.Be3 e5 7.Nf3 Be7 8.Bc4 O-O
9.O-O Be6 10.Bb3 Qc7 11.Qd3 Rc8 12.Nh4 g6 13.Bg5 Nbd7 14.Bxe6 fxe6 15.Qh3 Nf8
16.Kh1 Nh5 17.Bh6 Re8 18.a4 Bf6 19.Nf3 Rac8  1/2-1/2

[Event "Krasnodar op"]
[Site "Krasnodar"]
[Date "1996.??.??"]
[Round "3"]
[White "Tseshkovsky, Vitaly"]
[Black "Doroshkievich, Vladimir K"]
[Result "1-0"]
[WhiteElo "2540"]
[BlackElo "2380"]

1.e4 c5 2.Nf3 d6 3.d4 cxd4 4.Nxd4 Nf6 5.Nc3 a6 6.Be3 e5 7.Nb3 Be7 8.f3 Be6
9.Qd2 Nbd7 10.g4 b5 11.O-O-O h6 12.Kb1 b4 13.Nd5 Bxd5 14.exd5 Nb6 15.c4 bxc3
16.Qxc3 O-O 17.Qa5 Nfd7 18.h4 Qb8 19.g5 h5 20.Qd2 Rc8 21.Na5 Bf8 22.g6 fxg6
23.Rg1 Nf6 24.Bh3 Nc4 25.Nxc4 Rxc4 26.Rxg6 Kf7 27.Qg2 Qb7 28.Be6+ Ke8 29.Bh6 Rc7
30.Rxf6 gxf6 31.Qg6+ Rf7 32.Bxf8 Kxf8 33.Rg1  1-0

[Event "Krasnodar op"]
[Site "Krasnodar"]
[Date "1996.??.??"]
[Round "9"]
[White "Beshukov, Sergei"]
[Black "Karmov, Mazhmudin"]
[Result "1-0"]
[WhiteElo "2450"]
[BlackElo "2235"]

1.e4 c5 2.Nf3 d6 3.d4 cxd4 4.Nxd4 Nf6 5.Nc3 a6 6.Be3 e5 7.Nb3 Be6 8.Qd2 Be7
9.f3 O-O 10.O-O-O b5 11.g4 b4 12.Na4 Nbd7 13.g5 Nh5 14.Rg1 a5 15.Kb1 Qc7
16.f4 exf4 17.Bxf4 Nxf4 18.Qxf4 Nb6 19.Nxb6 Qxb6 20.Rg3 a4 21.Nd4 b3 22.cxb3 axb3
23.a3 Rac8 24.h4 Rc2 25.Nxc2 bxc2+ 26.Kxc2 Rb8 27.b4 g6 28.Bh3 Qc6+ 29.Rc3 Qa4+
30.Kd2 Qd7 31.Bxe6 Qxe6 32.Rdc1 f6 33.gxf6 Bxf6 34.Rc7 Rf8 35.Qh6 Be7 36.Qe3 Bxh4
37.R1c4 Qe5 38.Kc2 d5 39.R4c6 Bd8 40.Rc8 Qa1 41.Kb3 Qd1+ 42.Ka2 Kg7 43.Rc1 Qg4
44.Qd4+ Bf6 45.R1c7+  1-0

[Event "Krasnodar op"]
[Site "Krasnodar"]
[Date "1996.??.??"]
[Round "11"]
[White "Beshukov, Sergei"]
[Black "Shakhov, Aleksandr E"]
[Result "0-1"]
[WhiteElo "2450"]
[BlackElo "2170"]

1.e4 c5 2.Nf3 d6 3.d4 cxd4 4.Nxd4 Nf6 5.Nc3 a6 6.Be3 e6 7.Qd2 b5 8.f3 Nbd7
9.g4 h6 10.O-O-O Bb7 11.h4 b4 12.Nce2 d5 13.Bh3 dxe4 14.g5 hxg5 15.hxg5 exf3
16.Ng3 Ne4 17.Nxe4 Bxe4 18.Bf4 Qe7 19.g6 O-O-O 20.gxf7 Rxh3 21.Rxh3 e5 22.Nxf3 Qe6
23.Rh8 Bxf3 24.Bg5 Bxd1 25.Bxd8 Qxf7 26.Ba5 Bg4 27.Bxb4 Qf1+ 28.Qe1 Qxe1+
29.Bxe1 Kc7 30.c4 Be7 31.Bc3 Bf6 32.Ba5+ Kb7 33.b4 e4 34.b5 Ne5 35.bxa6+ Kxa6
36.Bc7 Nxc4 37.Kc2 Ne3+ 38.Kb3 Nd5 39.Bg3 e3  0-1